| 000 | 00672cam a2200229 i 4500 | ||
|---|---|---|---|
| 001 | 110677 | ||
| 005 | 20230410123609.0 | ||
| 008 | 130620s2011 fr a 000 0 fre | ||
| 020 | _a9782711013968 | ||
| 041 | 0 | _afre | |
| 050 | 1 | 4 |
_aKJV 5622 _bR269d 2011 |
| 100 | 0 | _aRaymond, Guy | |
| 245 | 1 | 0 |
_aDroit de la consommation / _cGuy Raymond |
| 250 | _a2a ed. | ||
| 260 |
_aParis : _bLexisNexis Litec, _c2011. |
||
| 300 |
_a518 p. : _bill ; _c24 cm. |
||
| 650 | 0 |
_aConsumer protection _xLaw and legislation _zFrance. |
|
| 650 | 4 |
_aConsumidores _xLegislación _zFrancia. |
|
| 650 | 4 |
_aProtección del consumidor _xLegislación _zFrancia. |
|
| 942 |
_2lcc _cbk |
||
| 946 | _almd. | ||
| 999 |
_c64618 _d64618 |
||